000 01216pam a2200337 a 4500
999 _c3728
_d3728
001 1199429
003 Nust
005 20170105101223.0
008 980722s1999 enka b 001 0 eng
010 _a 98035365
020 _a0415157366
020 _a0415157358 (pbk.)
035 _a(DLC) 98035365
040 _aDLC
_cDLC
_dDLC
050 0 0 _aHB95
_b.S53 1999
082 0 0 _a338.9
_221
100 1 _aShipman, Alan,
_d1966-
245 1 4 _aThe market revolution and its limits :
_ba price for everything /
_cAlan Shipman.
260 _aLondon ;
_aNew York :
_bRoutledge,
_c1999.
300 _aviii, 493 p. :
_bill. ;
_c24 cm.
504 _aIncludes bibliographical references (p. [475]-488) and index.
650 0 _aFree enterprise.
650 0 _aMarkets.
650 0 _aPrivatization.
650 0 _aDeregulation.
856 4 2 _3Publisher description
_uhttp://www.loc.gov/catdir/enhancements/fy0649/98035365-d.html
856 4 2 _3Contributor biographical information
_uhttp://www.loc.gov/catdir/enhancements/fy1102/98035365-b.html
906 _a7
_bcbc
_corignew
_d1
_eocip
_f19
_gy-gencatlg
942 _2ddc
_cBK